[Event "Championnat de Paris Open A"]
[Site "Paris"]
[Date "2012.07.08"]
[Round "2.80"]
[White "Marin, Frederic-Vincent"]
[Black "Hauseux, Paul"]
[Result "1-0"]
[WhiteElo "2006"]
[BlackElo "1872"]
[PlyCount "73"]
[EventDate "2012.??.??"]

1. d4 d5 2. c4 c6 3. Nc3 Nf6 4. Nf3 dxc4 5. a4 Bf5 6. g3 e6 7. Bg2 Bb4 8. O-O
O-O 9. Nh4 Bg6 10. Nxg6 hxg6 11. e4 Nbd7 12. Qe2 Qa5 13. Qxc4 Nb6 14. Qb3 Rad8
15. Rd1 Bxc3 16. bxc3 c5 17. Bd2 c4 18. Qb5 Qxb5 19. axb5 Ra8 20. Rab1 Nfd7 21.
Rb2 a6 22. bxa6 Rxa6 23. Rdb1 Rfa8 24. e5 R8a7 25. Bf3 Ra2 26. Kg2 Rxb2 27.
Rxb2 Kf8 28. h4 Ke7 29. Bg5+ f6 30. exf6+ gxf6 31. Bf4 Nd5 32. Bxd5 exd5 33.
Re2+ Kd8 34. Bd6 Ra1 35. g4 Rc1 36. h5 gxh5 37. gxh5 1-0

[Event "Championnat de Paris Open A"]
[Site "Paris"]
[Date "2012.07.08"]
[Round "2.81"]
[White "De Marchi, Silverio"]
[Black "Reilhac, Philippe"]
[Result "0-1"]
[WhiteElo "1905"]
[BlackElo "2004"]
[PlyCount "118"]
[EventDate "2012.??.??"]

1. d4 Nf6 2. c4 e6 3. Nc3 d5 4. Nf3 Be7 5. e3 O-O 6. Be2 Nbd7 7. O-O b6 8. cxd5
exd5 9. Bd2 Bb7 10. a4 a5 11. Rc1 Ne4 12. Ne1 f5 13. Nd3 Rf6 14. f3 Nxd2 15.
Qxd2 Rc8 16. Nf4 c6 17. e4 dxe4 18. fxe4 Bb4 19. Bc4+ Kh8 20. Ne6 Qe7 21. exf5
Nf8 22. Rce1 Qd7 23. Rd1 Re8 24. Qg5 h6 25. Qg4 Bxc3 26. bxc3 b5 27. axb5 cxb5
28. Bxb5 Rfxe6 29. Bxd7 Re4 30. Qg3 Nxd7 31. Qc7 Bc8 32. Qxa5 Nf6 33. c4 Kh7
34. Rde1 Re2 35. Rxe2 Rxe2 36. Re1 Rc2 37. Qa1 Bxf5 38. c5 Rd2 39. c6 Kg6 40.
Qc3 Rc2 41. Qg3+ Kh7 42. Qf4 Bg6 43. Qd6 Be4 44. Rxe4 Rc1+ 45. Re1 Rxe1+ 46.
Kf2 Ne4+ 47. Kxe1 Nxd6 48. Kd2 Kg6 49. c7 Kf5 50. Kd3 Ke6 51. g4 Kd7 52. d5
Kxc7 53. Kd4 Kd7 54. Ke5 Ke7 55. h4 g6 56. h5 g5 57. Kd4 Kf6 58. Kc5 Ke5 59.
Kc6 Ne4 0-1

[Event "Championnat de Paris Open A"]
[Site "Paris"]
[Date "2012.07.08"]
[Round "2.82"]
[White "Potrel, Manu"]
[Black "Chen, Mingson"]
[Result "1-0"]
[WhiteElo "2001"]
[BlackElo "1866"]
[PlyCount "61"]
[EventDate "2012.??.??"]

1. e4 e5 2. Nf3 Nc6 3. Bc4 Bc5 4. c3 Nf6 5. d3 d6 6. Bb3 a6 7. Nbd2 O-O 8. h3
Be6 9. Bc2 Ba7 10. Nf1 h6 11. g4 d5 12. Qe2 Nh7 13. Ng3 Ng5 14. h4 Nxf3+ 15.
Qxf3 Qd7 16. Nf5 Ne7 17. Nxh6+ Kh8 18. Nf5 c6 19. Be3 Bxe3 20. Qxe3 dxe4 21.
dxe4 Bxf5 22. gxf5 Qd6 23. Rd1 Qf6 24. Qg5 Rad8 25. Ke2 Ng8 26. Bb3 Nh6 27. f4
Kh7 28. Rhg1 exf4 29. Qxf6 f3+ 30. Kxf3 gxf6 31. a4 {Time} 1-0

[Event "Championnat de Paris Open A"]
[Site "Paris"]
[Date "2012.07.08"]
[Round "2.83"]
[White "Sebag, Joel"]
[Black "Doebele, Victor"]
[Result "1-0"]
[WhiteElo "1899"]
[BlackElo "1998"]
[PlyCount "199"]
[EventDate "2012.??.??"]

1. c4 Nf6 2. g3 g6 3. Bg2 Bg7 4. Nc3 O-O 5. e4 d6 6. Nge2 e5 7. O-O Nc6 8. d3
Nd4 9. Nxd4 exd4 10. Ne2 Nh5 11. b4 c6 12. Bb2 Qb6 13. Qd2 c5 14. bxc5 dxc5 15.
h3 Bd7 16. a4 Qc7 17. g4 Nf6 18. f4 Bc6 19. a5 Rab8 20. Ba3 Nd7 21. f5 f6 22.
fxg6 hxg6 23. Bc1 Ne5 24. Nf4 Bh6 25. Qe2 Bxf4 26. Bxf4 g5 27. Bxe5 fxe5 28.
Rf5 Qe7 29. Qd2 Rxf5 30. gxf5 Kf7 31. Rf1 Kf6 32. Rf3 Rg8 33. Rg3 Qh7 34. Qe2
Be8 35. Kh2 Qh4 36. Qg4 Qh6 37. Qe2 Bh5 38. Qb2 Rg7 39. Qb5 Rc7 40. Qb2 Be8 41.
Qd2 Rg7 42. Bf3 Qh4 43. Rg4 Qh8 44. Qg2 Bh5 45. Rg3 Be8 46. Kg1 Qh4 47. Bg4 Rg8
48. Kh2 Qh7 49. Qe2 Rh8 50. Rg1 Qc7 51. Qd2 Rg8 52. Rb1 Rh8 53. Kg2 Rh4 54. Qb2
Bc6 55. Qa3 Qe7 56. Rh1 Rh8 57. Kf3 Qd6 58. Qc1 Qc7 59. Qe1 Rh4 60. Rg1 Be8 61.
Rg3 b6 62. axb6 Qxb6 63. Qd2 Qb1 64. Kg2 Qb4 65. Qd1 a5 66. Kh2 a4 67. Be2 Rh7
68. Qc1 Rg7 69. h4 a3 70. hxg5+ Kf7 71. g6+ Ke7 72. f6+ Kxf6 73. Qg5+ Ke6 74.
Bg4+ Kd6 75. Qf6+ Kc7 76. Qxg7+ Kb6 77. Qxe5 Bxg6 78. Qb8+ Kc6 79. Qc8+ Kb6 80.
Bd7 Qd2+ 81. Kh1 Qd1+ 82. Kh2 Qd2+ 83. Rg2 Qf4+ 84. Kg1 Qc1+ 85. Kh2 Qf4+ 86.
Kh3 Qf3+ 87. Kh4 Qh5+ 88. Kg3 Qg5+ 89. Bg4 Qe3+ 90. Bf3 Qg5+ 91. Qg4 Qh6 92.
Rh2 Qg7 93. Qe6+ Ka5 94. Bg4 Bf7 95. Qd6 Kb4 96. Qb6+ Kc3 97. Qxc5 Kxd3 98.
Qxa3+ Kxc4 99. Rc2+ Kb5 100. Rc5+ 1-0

[Event "Championnat de Paris Open A"]
[Site "Paris"]
[Date "2012.07.08"]
[Round "2.84"]
[White "Mathieu, Romaric"]
[Black "Malara, Franck"]
[Result "1-0"]
[WhiteElo "1997"]
[BlackElo "1861"]
[PlyCount "125"]
[EventDate "2012.??.??"]

1. c4 g6 2. g3 Bg7 3. Bg2 Nf6 4. Nc3 O-O 5. Nf3 d6 6. O-O Nbd7 7. d4 e5 8. b3
Re8 9. Bb2 c6 10. Qc2 exd4 11. Nxd4 Nh5 12. Rad1 Nc5 13. b4 Ne6 14. Nb3 Qb6 15.
a3 Qc7 16. Rd2 Ng5 17. h4 Nh3+ 18. Kh2 N3f4 19. Bf3 Qd7 20. Rh1 Nxg3 21. Kxg3
Be5 22. Ne4 Bxb2 23. Rxd6 Qc7 24. Qxb2 Rxe4 25. Rhd1 Nd5 26. c5 Re6 27. Bxd5
cxd5 28. R1xd5 Bd7 29. Nd4 Rxd6 30. Rxd6 Rd8 31. f4 Be8 32. Rxd8 Qxd8 33. Nf3
Bc6 34. Qe5 Bxf3 35. exf3 f5 36. Qe6+ Kh8 37. Qe5+ Kg8 38. Qe6+ Kh8 39. h5 Qd1
40. Qf6+ Kg8 41. Qe6+ Kg7 42. Kf2 Qd2+ 43. Kg3 Qc1 44. hxg6 Qg1+ 45. Kh4 hxg6
46. Qe7+ Kg8 47. Qd8+ Kg7 48. Qe7+ Kg8 49. Qxb7 Qh2+ 50. Kg5 Qh5+ 51. Kf6 Qh4+
52. Kxg6 Qg3+ 53. Kxf5 Qh3+ 54. Ke5 Qh8+ 55. Ke4 Qh1 56. Qc8+ Kg7 57. Qd7+ Kg8
58. Qd5+ Kh8 59. c6 Qb1+ 60. Qd3 Qe1+ 61. Kd5 Qe7 62. Qd4+ Qg7 63. Qe5 1-0

[Event "Championnat de Paris Open A"]
[Site "Paris"]
[Date "2012.07.08"]
[Round "2.85"]
[White "Baudon, Sebastien"]
[Black "Ferre, Sebastien"]
[Result "1-0"]
[WhiteElo "1993"]
[BlackElo "1858"]
[PlyCount "81"]
[EventDate "2012.??.??"]

1. g3 d5 2. f4 Nf6 3. Nf3 e6 4. Bg2 Bd6 5. O-O O-O 6. b3 c5 7. Bb2 Nc6 8. e3
Bd7 9. Qe2 Rc8 10. d3 Re8 11. c4 Be7 12. Kh1 Qb6 13. Nc3 Nb4 14. Ne5 Bc6 15.
Nxc6 bxc6 16. e4 Qd8 17. e5 Nd7 18. Bh3 Na6 19. Rf2 Nc7 20. Raf1 f5 21. g4 g6
22. gxf5 exf5 23. Rg1 Kh8 24. Nb1 Ne6 25. Qf3 Nb6 26. Rfg2 Rf8 27. Rxg6 hxg6
28. Rxg6 Ng7 29. Qg2 Qe8 30. Rxg7 Rg8 31. Rxg8+ Qxg8 32. Qxg8+ Rxg8 33. Nd2 Kh7
34. Bxf5+ Kh6 35. Bh3 Bh4 36. Nf3 Bf2 37. f5 Nd7 38. e6 Nf8 39. Be5 Nh7 40. e7
Ng5 41. Bf4 1-0

[Event "Championnat de Paris Open A"]
[Site "Paris"]
[Date "2012.07.08"]
[Round "2.87"]
[White "Chang, Xavier"]
[Black "Jacquet, Stephane"]
[Result "0-1"]
[WhiteElo "1886"]
[BlackElo "1976"]
[PlyCount "76"]
[EventDate "2012.??.??"]

1. d4 d5 2. Nf3 Nf6 3. e3 Bg4 4. c4 e6 5. h3 Bh5 6. Nbd2 Be7 7. Qb3 b6 8. Ne5
O-O 9. g4 Bg6 10. Nxg6 hxg6 11. Bg2 Nc6 12. cxd5 Nxd5 13. a3 Rc8 14. O-O Bd6
15. Ne4 Nce7 16. Nxd6 cxd6 17. e4 Nf6 18. Be3 d5 19. e5 Nd7 20. Rac1 Nc6 21.
Qa4 Na5 22. b3 Nb8 23. Bd2 Nbc6 24. Bxa5 Nxa5 25. Rfd1 Qe7 26. Bf1 Qg5 27. Rxc8
Rxc8 28. b4 Nc4 29. Qd7 Rf8 30. Qxa7 f5 31. exf6 Rxf6 32. Qb8+ Kh7 33. Qg3 Rf4
34. Bxc4 dxc4 35. Qe3 Rxg4+ 36. hxg4 Qxg4+ 37. Kh2 Qxd1 38. Qh3+ Qh5 0-1

[Event "Championnat de Paris Open A"]
[Site "Paris"]
[Date "2012.07.08"]
[Round "2.88"]
[White "Sauvetre, Alain"]
[Black "Conq, Alain"]
[Result "1-0"]
[WhiteElo "1976"]
[BlackElo "1850"]
[PlyCount "53"]
[EventDate "2012.??.??"]

1. e4 c5 2. d4 cxd4 3. c3 dxc3 4. Nxc3 e6 5. Nf3 Nc6 6. Bc4 Bb4 7. O-O Nf6 8.
e5 Ng4 9. Qe2 d6 10. exd6 Bxc3 11. bxc3 Qxd6 12. a4 Nge5 13. Ba3 Nxf3+ 14. Qxf3
Qc7 15. Rfd1 Ne5 16. Bb5+ Bd7 17. Qg3 Bxb5 18. Bd6 Qc4 19. axb5 Ng6 20. Rab1
Qh4 21. Qf3 Qd8 22. Qxb7 Qc8 23. Qxc8+ Rxc8 24. Ra1 Rxc3 25. Rxa7 Rb3 26. Rb7
Kd8 27. Ra1 1-0

[Event "Championnat de Paris Open A"]
[Site "Paris"]
[Date "2012.07.08"]
[Round "2.89"]
[White "Bourached, Anthony"]
[Black "Pass, Deborah J"]
[Result "0-1"]
[WhiteElo "1848"]
[BlackElo "1974"]
[PlyCount "58"]
[EventDate "2012.??.??"]

1. d4 Nf6 2. c4 g6 3. Nc3 Bg7 4. e4 d6 5. Nf3 O-O 6. Be2 e5 7. O-O Nc6 8. d5
Ne7 9. Ne1 Nd7 10. Be3 f5 11. f3 f4 12. Bf2 g5 13. a4 a5 14. Nd3 b6 15. Nb5 Nf6
16. Be1 g4 17. b4 axb4 18. Bxb4 g3 19. h3 Bxh3 20. gxh3 Qd7 21. Kg2 Ng6 22. Rh1
Nh4+ 23. Kg1 Nxe4 24. fxe4 f3 25. Ne1 fxe2 26. Qxe2 g2 27. Nd3 gxh1=Q+ 28. Kxh1
Qxh3+ 29. Qh2 Rf1+ 0-1

[Event "Championnat de Paris Open A"]
[Site "Paris"]
[Date "2012.07.08"]
[Round "2.90"]
[White "Bensaid, Alexandre"]
[Black "Komons, Christian"]
[Result "1-0"]
[WhiteElo "1974"]
[BlackElo "1846"]
[PlyCount "43"]
[EventDate "2012.??.??"]

1. e4 g6 2. d4 Bg7 3. Nc3 d6 4. f4 Nf6 5. h3 Nbd7 6. Nf3 c6 7. a4 a6 8. Bd3 e6
9. e5 dxe5 10. fxe5 Nd5 11. Ne4 O-O 12. c3 c5 13. O-O cxd4 14. cxd4 Nb4 15. Bb1
a5 16. h4 b6 17. h5 Ba6 18. Rf2 Nxe5 19. Bg5 Nxf3+ 20. Qxf3 Qxd4 21. Bf6 Nd5
22. Bxd4 1-0

[Event "Championnat de Paris Open A"]
[Site "Paris"]
[Date "2012.07.08"]
[Round "2.91"]
[White "Ignjatovic, Miroslav"]
[Black "Huynh Tan, Stephane"]
[Result "0-1"]
[WhiteElo "1844"]
[BlackElo "1974"]
[PlyCount "126"]
[EventDate "2012.??.??"]

1. e4 Nf6 2. e5 Nd5 3. d4 d6 4. Nf3 Bg4 5. exd6 cxd6 6. Bb5+ Nd7 7. c4 Nc7 8.
Ba4 g6 9. O-O Bg7 10. Be3 O-O 11. Nc3 Nb6 12. Bb3 Be6 13. Nd2 d5 14. c5 Nc4 15.
Nxc4 dxc4 16. Bc2 Nd5 17. Nxd5 Bxd5 18. Qe2 Qd7 19. Rac1 b6 20. cxb6 axb6 21.
Bb1 b5 22. a3 Rfe8 23. Rfd1 Qb7 24. f3 e5 25. dxe5 Bxe5 26. Qf2 Bxb2 27. Qxb2
Rxe3 28. Qd4 Raxa3 29. Qxd5 Qxd5 30. Rxd5 b4 31. Rd4 Rac3 32. Rxc3 Rxc3 33. Kf2
Rc1 34. Be4 b3 35. Ke3 c3 36. Rb4 c2 37. Bxc2 bxc2 38. Kd2 Rg1 39. Kxc2 Rxg2+
40. Kd3 Rxh2 41. Ke4 Kg7 42. f4 Rh4 43. Rb5 h6 44. Kf3 Rh5 45. Rb7 Rc5 46. Rb3
Kf6 47. Ke4 g5 48. Rb6+ Kg7 49. fxg5 hxg5 50. Kf3 f6 51. Rb7+ Kg6 52. Rb8 Kf5
53. Rb4 Rc3+ 54. Kf2 g4 55. Kg2 Kg5 56. Kh2 f5 57. Ra4 f4 58. Ra5+ Kh4 59. Ra1
Rc2+ 60. Kh1 g3 61. Kg1 Kh3 62. Rb1 f3 63. Kh1 g2+ 0-1

[Event "Championnat de Paris Open A"]
[Site "Paris"]
[Date "2012.07.08"]
[Round "2.92"]
[White "Sowa, Marcin"]
[Black "Lao, Lenath"]
[Result "1-0"]
[WhiteElo "1974"]
[BlackElo "1826"]
[PlyCount "29"]
[EventDate "2012.??.??"]

1. e4 c5 2. d4 cxd4 3. c3 dxc3 4. Nxc3 a6 5. Nf3 e6 6. Bc4 Qc7 7. Qe2 Nc6 8.
O-O Na5 9. Bd3 Ne7 10. Bd2 Nec6 11. Rac1 Bd6 12. Nd5 Qb8 13. e5 Bf8 14. Nb6 Be7
15. Bxa5 1-0

[Event "Championnat de Paris Open A"]
[Site "Paris"]
[Date "2012.07.08"]
[Round "2.93"]
[White "Aron-Samuel, Emmanuel"]
[Black "Mousa, Medhat"]
[Result "0-1"]
[WhiteElo "1842"]
[BlackElo "1973"]
[PlyCount "66"]
[EventDate "2012.??.??"]

1. c4 c5 2. Nf3 Nf6 3. Nc3 d5 4. cxd5 Nxd5 5. e4 Nb4 6. a3 N4c6 7. Bc4 e6 8.
O-O Be7 9. d3 O-O 10. Be3 b6 11. Qc2 Ba6 12. Nb5 Bf6 13. Rad1 e5 14. Nc3 Bxc4
15. dxc4 Nd4 16. Qa4 Re8 17. Nd5 Nbc6 18. Rd2 Nxf3+ 19. gxf3 Nd4 20. Bxd4 exd4
21. Qc6 Be5 22. f4 Bxf4 23. Nxf4 Qg5+ 24. Kh1 Qxf4 25. Rd3 Qxe4+ 26. Qxe4 Rxe4
27. b4 Rae8 28. bxc5 bxc5 29. Rb3 g6 30. Rb5 d3 31. Rxc5 d2 32. Rd5 Re1 33. Kg2
Rxf1 0-1

[Event "Championnat de Paris Open A"]
[Site "Paris"]
[Date "2012.07.08"]
[Round "2.94"]
[White "Bernabeu, Xavier"]
[Black "Bacon, Jean-Pierre"]
[Result "0-1"]
[WhiteElo "1969"]
[BlackElo "1816"]
[PlyCount "118"]
[EventDate "2012.??.??"]

1. e4 c6 2. d4 d5 3. exd5 cxd5 4. Bd3 Nc6 5. c3 Nf6 6. Bf4 Bg4 7. Qb3 Qd7 8.
Nd2 e6 9. Ngf3 Bxf3 10. Nxf3 Bd6 11. Ne5 Qc7 12. Bg3 Bxe5 13. dxe5 Nd7 14. Qc2
h5 15. f4 Nc5 16. O-O Nxd3 17. Qxd3 g6 18. Bh4 Ne7 19. h3 Rc8 20. a4 Qc4 21.
Qxc4 Rxc4 22. Rf3 Kd7 23. b3 Rc7 24. Rd1 Kc6 25. c4 dxc4 26. Rc3 Nd5 27. Rxc4+
Kd7 28. Bf2 a6 29. g3 Rhc8 30. Rcd4 Rc3 31. Rb4 R3c7 32. Kg2 Ke7 33. Rbd4 Rc2
34. R1d2 Rxd2 35. Rxd2 Rc3 36. Rb2 Kd7 37. b4 Rc4 38. Bc5 Kc6 39. Bd6 Nc3 40.
Rc2 Kd5 41. a5 Nb5 42. Rxc4 Kxc4 43. Kf3 Nd4+ 44. Ke4 Nc6 45. g4 hxg4 46. hxg4
Nxb4 47. f5 gxf5+ 48. gxf5 Nc6 49. Bc7 Kb5 50. f6 Nxa5 51. Kf4 Nc4 52. Kg5 a5
53. Kh6 a4 54. Bd6 Nxd6 55. exd6 Kc6 56. Kg7 a3 57. Kxf7 a2 58. Ke7 a1=Q 59. f7
Qg7 0-1

[Event "Championnat de Paris Open A"]
[Site "Paris"]
[Date "2012.07.08"]
[Round "2.95"]
[White "Marin, Emmanuel"]
[Black "Cozette, Michael"]
[Result "1/2-1/2"]
[WhiteElo "1838"]
[BlackElo "1968"]
[PlyCount "27"]
[EventDate "2012.??.??"]

1. e4 c5 2. d4 cxd4 3. c3 d5 4. exd5 Qxd5 5. cxd4 e5 6. Nc3 Bb4 7. Qa4+ Nc6 8.
Qxb4 Nxb4 9. Nxd5 Nxd5 10. Bd2 exd4 11. Nf3 Ngf6 12. Bb5+ Bd7 13. Bxd7+ Nxd7
14. O-O {=} 1/2-1/2

[Event "Championnat de Paris Open A"]
[Site "Paris"]
[Date "2012.07.08"]
[Round "2.96"]
[White "Koenig, Joel"]
[Black "Gauthier, Arnaud"]
[Result "1-0"]
[WhiteElo "1836"]
[BlackElo "1964"]
[PlyCount "34"]
[EventDate "2012.??.??"]

1. d4 Nf6 2. Nf3 g6 3. Bg5 Bg7 4. e3 O-O 5. Bd3 c5 6. c3 d6 7. h3 cxd4 8. cxd4
Nc6 9. O-O Qa5 10. Nbd2 Re8 11. Re1 Be6 12. Bh4 Rac8 13. Ng5 Bd7 14. Qb3 d5 15.
Ngf3 e6 16. Qd1 b5 17. Nb3 h6 1-0

[Event "Championnat de Paris Open A"]
[Site "Paris"]
[Date "2012.07.08"]
[Round "2.97"]
[White "Jego, Eric"]
[Black "Schreiner, Richard"]
[Result "1-0"]
[WhiteElo "1951"]
[BlackElo "1806"]
[PlyCount "55"]
[EventDate "2012.??.??"]

1. d4 d5 2. e4 dxe4 3. Nc3 Nf6 4. f3 exf3 5. Qxf3 e6 6. Bd3 Be7 7. Nge2 Nc6 8.
Be3 Nb4 9. O-O-O Nxd3+ 10. Rxd3 c6 11. Rf1 Qa5 12. g4 h6 13. h4 Rf8 14. Kb1 Nd5
15. Bf2 Bd7 16. Nc1 Nxc3+ 17. Rxc3 Qd5 18. Qe2 O-O-O 19. Nd3 Bf6 20. Rc5 Qd6
21. Ne5 Bxe5 22. dxe5 Qc7 23. b4 Qb6 24. Qc4 Kb8 25. Ra5 Qc7 26. Bxa7+ Kc8 27.
Bc5 b5 28. Qd4 1-0

[Event "Championnat de Paris Open A"]
[Site "Paris"]
[Date "2012.07.08"]
[Round "2.98"]
[White "Nossein, Francis"]
[Black "Le Ray, Olivier"]
[Result "0-1"]
[WhiteElo "1816"]
[BlackElo "1951"]
[PlyCount "70"]
[EventDate "2012.??.??"]

1. c4 Nf6 2. Nf3 g6 3. g3 Bg7 4. Bg2 d6 5. O-O O-O 6. d4 c6 7. Nc3 Nbd7 8. d5
Nb6 9. Nd2 cxd5 10. cxd5 Bg4 11. h3 Bd7 12. Nf3 Rc8 13. Be3 Nc4 14. Bd4 Qa5 15.
b4 Qa3 16. Qb3 b6 17. Rfc1 Qa6 18. Rab1 Qb7 19. e4 b5 20. Rd1 Rc7 21. e5 Ne8
22. e6 fxe6 23. dxe6 Bc6 24. Bxg7 Nxg7 25. Rd3 a6 26. a4 Bxf3 27. Bxf3 Rxf3 28.
Rxf3 Qxf3 29. Re1 Nf5 30. axb5 Nxg3 31. fxg3 Qxg3+ 32. Kh1 Qxe1+ 33. Kg2 Ne3+
34. Kf3 Rxc3 35. Qa2 Nd5+ 0-1

[Event "Championnat de Paris Open A"]
[Site "Paris"]
[Date "2012.07.09"]
[Round "3.1"]
[White "Eden, James"]
[Black "Chanoine, Guillaume"]
[Result "1-0"]
[WhiteElo "2129"]
[BlackElo "2297"]
[PlyCount "55"]
[EventDate "2012.??.??"]

1. e4 e5 2. Nf3 Nc6 3. d4 exd4 4. Nxd4 Nf6 5. Nc3 Bc5 6. Be3 Bb6 7. Nf5 Bxe3 8.
Nxe3 O-O 9. Qd2 Re8 10. f3 a6 11. O-O-O b5 12. g4 d6 13. h4 Rb8 14. h5 b4 15.
Ncd5 Nxd5 {=} 16. Nxd5 Ne7 17. h6 Nxd5 18. hxg7 Qf6 19. exd5 Qxf3 20. Bd3 Qe3
21. Rxh7 Qxd2+ 22. Kxd2 Re5 23. Rdh1 Rxd5 24. Rh8+ Kxg7 25. R1h7+ Kf6 26. Rf8
b3 27. axb3 Rxd3+ 28. cxd3 1-0

[Event "Championnat de Paris Open A"]
[Site "Paris"]
[Date "2012.07.09"]
[Round "3.2"]
[White "Baron, Thierry"]
[Black "Herve, Pierre"]
[Result "1-0"]
[WhiteElo "2274"]
[BlackElo "2109"]
[PlyCount "167"]
[EventDate "2012.??.??"]

1. e4 e5 2. Nf3 Nc6 3. d4 exd4 4. Nxd4 Bc5 5. Be3 Qf6 6. c3 Nge7 7. Bc4 O-O 8.
O-O Bb6 9. f4 d5 10. exd5 Nxd4 11. Bxd4 Bxd4+ 12. Qxd4 Qxd4+ 13. cxd4 Nf5 14.
Re1 Nxd4 15. Na3 Bd7 16. Rad1 Nf5 17. Rc1 c6 18. dxc6 Bxc6 19. Bb5 Bd5 20. Re5
Be6 21. Rc7 Nd6 22. b3 Rac8 23. Rec5 Rcd8 24. Be2 Rfe8 25. Bf3 g6 26. Rc2 Bf5
27. Rd2 Be4 28. Nc4 Bxf3 29. Rxd6 Bd5 30. Rcd7 Rxd7 31. Rxd7 Bc6 32. Rd2 Re7
33. Ne5 Be4 34. Kf2 f6 35. Nc4 Rc7 36. Nd6 Bc6 37. Nc4 Be4 38. Nd6 Bc6 39. g3
a6 40. Nc4 Re7 41. Na5 Be4 42. Re2 Kf8 43. Rd2 f5 44. Nc4 Rc7 45. Ke3 Ke7 46.
Re2 Rd7 47. Ne5 Rd6 48. Rd2 Bd5 49. Re2 Kd8 50. b4 Be6 51. a3 Rd5 52. Rd2 Kc7
53. Rxd5 Bxd5 54. Kd4 Bb3 55. Nf3 Kd6 56. Ne5 h6 57. Nf3 Bd5 58. Nh4 Bf7 59.
Nf3 Bd5 60. Nh4 Bf7 61. a4 Be8 62. a5 Bf7 63. h3 Be8 64. Nf3 Bc6 65. Ne5 Be8
66. h4 h5 67. Nc4+ Kc6 68. Ke5 Kb5 69. Nd6+ Kxb4 70. Nxe8 Kxa5 71. Nd6 b5 72.
Kd4 Kb4 73. Kd3 a5 74. Kc2 a4 75. Nf7 Kc4 76. Ne5+ Kd4 77. Nxg6 b4 78. Ne7 Kc4
79. Nxf5 b3+ 80. Kb2 Kb4 81. Nd4 a3+ 82. Kb1 b2 83. f5 Kc3 84. Nb5+ 1-0

[Event "Championnat de Paris Open A"]
[Site "Paris"]
[Date "2012.07.09"]
[Round "3.3"]
[White "Leclercq, Benoit"]
[Black "Toulzac, Pierre-Yves"]
[Result "0-1"]
[WhiteElo "2123"]
[BlackElo "2273"]
[PlyCount "86"]
[EventDate "2012.??.??"]

1. d4 f5 2. g3 Nf6 3. Bg2 g6 4. Nf3 Bg7 5. O-O O-O 6. Re1 d6 7. d5 c6 8. c4 e5
9. dxe6 Bxe6 10. Qc2 Ne4 11. e3 Qb6 12. Nbd2 Nxd2 13. Nxd2 Na6 14. a3 Rad8 15.
Rb1 d5 16. b4 Qc7 17. c5 Qf7 18. Nb3 f4 19. gxf4 g5 20. fxg5 Bf5 21. e4 dxe4
22. Bxe4 Rde8 23. f4 Rxe4 24. Rxe4 Qd5 25. Nd2 Bd4+ 26. Kf1 Be3 27. Qc4 Bxd2
28. Qxd5+ cxd5 29. Bxd2 Bxe4 30. Rb3 Nc7 31. Kf2 Ne6 32. Kg3 Nd4 33. Rb2 Kf7
34. Bc3 Nb5 35. Be5 Nxa3 36. Ra2 Nb5 37. Ra5 a6 38. c6 bxc6 39. Rxa6 Rc8 40.
Rb6 d4 41. Kf2 Ke6 42. Ke2 Kd5 43. Rb7 Ra8 0-1

[Event "Championnat de Paris Open A"]
[Site "Paris"]
[Date "2012.07.09"]
[Round "3.4"]
[White "Rabineau, Clement"]
[Black "Pruvot, Louis"]
[Result "1/2-1/2"]
[WhiteElo "2270"]
[BlackElo "2100"]
[PlyCount "33"]
[EventDate "2012.??.??"]

1. e4 c5 2. Nf3 d6 3. d4 Nf6 4. Nc3 cxd4 5. Nxd4 Nc6 6. Be2 e6 7. f4 Be7 8. Nb3
O-O 9. Be3 a6 10. Bf3 Qc7 11. O-O b5 12. a4 b4 13. Ne2 a5 14. Nbd4 Nxd4 15.
Nxd4 Bb7 16. Nb5 Qb8 17. Qd3 {=} 1/2-1/2

[Event "Championnat de Paris Open A"]
[Site "Paris"]
[Date "2012.07.09"]
[Round "3.5"]
[White "Bourges, Jerome"]
[Black "Maisuradze, Nino"]
[Result "1/2-1/2"]
[WhiteElo "2069"]
[BlackElo "2268"]
[PlyCount "92"]
[EventDate "2012.??.??"]

1. d4 d5 2. c4 e6 3. Nc3 Nf6 4. Nf3 Be7 5. Bf4 O-O 6. Rc1 c5 7. dxc5 Bxc5 8. e3
Qe7 9. a3 Rd8 10. cxd5 exd5 11. Be2 d4 12. exd4 Nc6 13. Be3 Bg4 14. O-O Bxf3
15. Bxf3 Bxd4 16. Bxd4 Nxd4 17. Re1 Qd7 18. Ne4 Qf5 19. Nxf6+ Qxf6 20. Bxb7 {=}
20... Rab8 21. Rc4 Nb5 22. Qf3 Nd6 23. Rf4 Qxb2 24. Bd5 Re8 25. Rf1 Qb5 26. g3
Re7 27. Rb4 Qe8 28. Qf4 Rxb4 29. Qxb4 Nf5 30. Rc1 g6 31. Bb7 Qf8 32. Qb2 Nd6
33. Bd5 Nc8 34. Qf6 Nb6 35. Bb3 Nd7 36. Qa6 Nb6 37. a4 Qe8 38. a5 Re1+ 39. Rxe1
Qxe1+ 40. Kg2 Nd7 41. Qc8+ (41. Qb7) 41... Nf8 42. Qb7 Ne6 43. Bxe6 Qxe6 44.
Qxa7 Qd5+ 45. f3 Qd2+ 46. Kh3 Qh6+ 1/2-1/2

3 Qh6+ 1/2-1/2

[Event "Championnat de Paris Open A"]
[Site "Paris"]
[Date "2012.07.09"]
[Round "3.6"]
[White "Manoeuvre, Antoine"]
[Black "Mehaibia, Azzedine"]
[Result "1-0"]
[WhiteElo "2247"]
[BlackElo "2053"]
[PlyCount "77"]
[EventDate "2012.??.??"]

1. d4 Nf6 2. c4 g6 3. Nc3 Bg7 4. e4 d6 5. Be2 O-O 6. Nf3 Na6 7. O-O e5 8. Be3
Ng4 9. Bg5 Qe8 10. h3 h6 11. Bc1 Nf6 12. dxe5 dxe5 13. Be3 b6 14. Qc2 c6 15.
Nd2 Qe7 16. a3 Nc5 17. b4 Ne6 18. Nb3 Nf4 19. b5 cxb5 20. c5 Bb7 21. Bxb5 Rfc8
22. Rab1 N6h5 23. Kh2 Nf6 {=} 24. Rfc1 Kh7 25. Bc4 Ne6 26. Rd1 Nxc5 27. Nxc5
bxc5 28. f3 Rab8 29. Qf2 Bf8 {=} 30. Rb5 a6 31. Rb2 Rd8 32. Rdb1 Qc7 33. Qh4
Bg7 34. Rb6 Rd6 35. Rxd6 Qxd6 36. Bxf7 Qd3 37. Bxh6 Nh5 38. Bxg6+ Kxg6 39. Rb6+
1-0

[Event "Championnat de Paris Open A"]
[Site "Paris"]
[Date "2012.07.09"]
[Round "3.8"]
[White "Trommsdorf, Fro"]
[Black "Ustianovich, Nazar"]
[Result "0-1"]
[WhiteElo "2037"]
[BlackElo "2197"]
[PlyCount "36"]
[EventDate "2012.??.??"]

1. Nf3 d5 2. g3 c6 3. Bg2 Nf6 4. d3 Bf5 5. c3 h6 6. Nbd2 e6 7. Qc2 Nbd7 8. e4
Bh7 9. O-O Nc5 10. Nd4 a5 11. Re1 Be7 12. Rb1 O-O 13. b4 axb4 14. cxb4 Na6 15.
e5 Nd7 16. a3 c5 17. bxc5 Naxc5 18. Nf1 Rc8 0-1

[Event "Championnat de Paris Open A"]
[Site "Paris"]
[Date "2012.07.09"]
[Round "3.9"]
[White "Fedoryshyn, Ievgenii"]
[Black "O'Brien, Cormac P"]
[Result "1/2-1/2"]
[WhiteElo "2188"]
[BlackElo "2013"]
[PlyCount "109"]
[EventDate "2012.??.??"]

1. e4 c5 2. Nf3 Nc6 3. c3 Nf6 4. Bd3 d5 5. e5 Nd7 6. Bb5 e6 7. d4 Be7 8. O-O
O-O 9. a3 cxd4 10. cxd4 Qb6 11. Bd3 f5 12. Bc2 a6 13. Nc3 Qc7 14. Bf4 Nb6 15.
Bd3 Na5 16. h4 Bd7 17. Bg5 Be8 18. Nd2 Bxg5 19. hxg5 Nc6 20. Nb3 Qe7 21. f4 Rd8
22. Qf3 Nc4 23. Qf2 b6 24. Kh2 Qf7 25. Rh1 Rd7 26. Kg1 Ra7 27. Rb1 Qc7 28. Rc1
Qd8 29. Rd1 Nb8 30. g4 Bg6 31. Re1 Rc7 32. Nd1 Qe8 33. gxf5 Bxf5 34. Bxf5 Rxf5
35. Rf1 Qa4 36. Qg3 Rcf7 37. Rxh7 Kxh7 38. g6+ Kg8 39. gxf7+ Kxf7 40. Rf2 Qe8
41. Rg2 Qg8 42. Ne3 Nxe3 43. Qxe3 Nc6 44. Nd2 Qh7 45. Nf3 Ke7 46. Qc3 Rxf4 47.
Qxc6 Rxf3 48. Qd6+ Kf7 49. Qd7+ Kf8 50. Qd6+ Kf7 51. Qd7+ Kf8 52. Qxe6 Qb1+ 53.
Kh2 Qh7+ 54. Kg1 Qb1+ 55. Kh2 1/2-1/2

[Event "Championnat de Paris Open A"]
[Site "Paris"]
[Date "2012.07.09"]
[Round "3.10"]
[White "Gros, Alexandre"]
[Black "Kouptsov, Vladimir"]
[Result "0-1"]
[WhiteElo "1988"]
[BlackElo "2188"]
[PlyCount "68"]
[EventDate "2012.??.??"]

1. Nf3 Nf6 2. g3 c6 3. Bg2 d5 4. O-O g6 5. d4 Bg7 6. c4 O-O 7. b3 Bf5 8. Bb2
Na6 9. Ne5 dxc4 10. bxc4 Nd7 11. f4 Be6 12. Nd2 Nxe5 13. fxe5 Bxe5 14. e3 Bg7
15. Qe2 Qd7 16. Rfc1 Bh3 17. Bf3 Nc5 18. a4 h5 19. Bc3 Ne6 20. Ne4 Bf5 21. Rd1
Rad8 22. Rac1 h4 23. gxh4 Bh6 24. d5 Bxe4 25. dxe6 Qxe6 26. Bd4 Bxf3 27. Qxf3
Rxd4 28. exd4 Bxc1 29. Rxc1 Rd8 30. h5 Rxd4 31. Kh1 g5 32. h6 Qxh6 33. Rf1 Qg6
34. c5 Rf4 0-1